000 00590nam a22002297a 4500
003 UA-OsUOA
001 20682
007 ta
008 20031103b un ||||| |||| 00| 0 ukr d
090 _a913 (7)
_bС28
942 _cBK
040 _aUA-OsUOA
_brus
_cUA-OsUOA
_dUA-OsUOA
245 _aСевероамериканские индейцы
_cРед. Ю.П.Аверкиевой
300 _a492 с.
_bІлюстрації
955 _a0
041 _arus
080 _a913 (7)
260 _aМосква
_bПрогресс
_c1978
044 _aRU
650 7 _2UDC
999 _c306862
_d306862